00970nam a2200325Ia 4500008004100000020001900041100002200060245002800082245012000110260001500230260002000245260000900265300001700274300003200291300001100323440002400334440001200358500005200370650001500422650001300437650001700450650004900467650001800516650001400534650002200548650002200570650002200592650002200614700000800636160803s9999 xx 000 0 und d a978-0439691437 aStilton, Geronimo aSurf's up, Geronimo! /  cGeronimo Stilton ; illustrations by Larry Keys and Toprika Topraska ; English translation by Edizioni Piemme S.p.A. aNew York : bScholastic Inc. c2005 a109 pages :  bcolor illustrations, maps ; c20 cm. aGeronimo Stilton ;  vbk. 20  aTranslation of: Hai voluta la vacanza, Stilton? aHotels --  aMice --  aSeashore --  aStilton, Geronimo (Fictitious character) --  aVacations --  x Fiction. xJuvenile fiction. xJuvenile fiction. xJuvenile fiction. xJuvenile fiction. a480